000 00507nam a2200181Ia 4500
005 20250508152247.0
008 008 250505s9999 xx 000 0 eng d
037 _aTextual
040 _aFEDL
_beng
_cFEDL
041 _aeng
_2eng
084 _a372, LAN
_qFEDL
100 _aLangdon Grace
_9761097
245 0 _aHelping parents understand their child's school : A handbook for teachers
260 _c1957
300 _axviii,508p.
942 _cTEXL
_h372, LAN
999 _c1335359
_d1335359